Progress in solid state chemistry /
Guardado en:
| Otros Autores: | , |
|---|---|
| Formato: | Libro |
| Idioma: | English |
| Publicado: |
Oxford :
Pergamon Press,
c1976.
|
| Materias: | |
| Etiquetas: |
Agregar Etiqueta
Sin Etiquetas, Sea el primero en etiquetar este registro!
|
| LEADER | 00790nam a22002175a 4500 | ||
|---|---|---|---|
| 001 | EIQ.libpla000550 | ||
| 008 | 060301s1976####enka#####b####001#0#eng#d | ||
| 005 | 20071227171420.0 | ||
| 245 | 0 | 0 | |a Progress in solid state chemistry / |c co-editors J. O. McCaldin, G. Somorjai. |
| 260 | |a Oxford : |b Pergamon Press, |c c1976. | ||
| 300 | |a v. : |b il. ; |c 27 cm. | ||
| 504 | |a Incluye referencias bibliográficas e índice. | ||
| 020 | |a 0080194834 | ||
| 700 | 1 | |a McCaldin J. O., |e ed. |4 edt | |
| 700 | 1 | |a Somorjai, G., |e ed. |4 edt | |
| 650 | 4 | |a Estado sólido |x Química. | |
| 650 | 4 | |a Metales de transición |x Propiedades. | |
| 650 | 4 | |a Solid state |x Chemistry. | |
| 650 | 4 | |a Transition metals |x Properties. | |
| 040 | |a AR-BbSID |b spa |c AR-BbSID | ||
| 859 | |a AR-BbSID |b BIB. PLAPIQUI |h 541.0421 |i M 125 |p 550 |v Vol. 10 |3 Vol. 10 | ||
